[Event "Rilton Cup 48th"]
[Site "Stockholm"]
[Date "2018.12.29"]
[Round "3"]
[White "Stabulnieks, Klavs"]
[Black "Seo, Jung Min"]
[Result "1/2-1/2"]
[WhiteElo "2177"]
[BlackElo "2371"]
[PlyCount "90"]
[EventDate "2018.12.27"]
[EventType "swiss"]
[EventRounds "9"]
[EventCountry "SWE"]
[SourceTitle "CBM 188 Extra"]
[Source "ChessBase"]
[SourceDate "2019.02.26"]
[SourceVersion "1"]
[SourceVersionDate "2019.02.26"]
[SourceQuality "1"]

1. d4 Nf6 2. c4 g6 3. Nc3 d5 4. cxd5 Nxd5 5. Bd2 Bg7 6. e4 Nxc3 7. Bxc3 0-0 8. Qd2 b6 9. Bc4 Bb7 10. f3 Nd7 11. Ne2 c5 12. Rd1 cxd4 13. Nxd4 Ne5 14. Be2 Qc8 15. 0-0 Rd8 16. Qc1 a6 17. Nb3 Qc6 18. Qe3 Qe6 19. f4 Nc4 20. Rxd8+ Rxd8 21. Bxc4 Qxc4 22. Bxg7 Kxg7 23. Re1 Qc6 24. h3 a5 25. Nd4 Qc5 26. Nf3 Qxe3+ 27. Rxe3 Rc8 28. Rb3 Bxe4 29. Rxb6 Bxf3 30. gxf3 Rc2 31. Rb5 a4 32. Rb4 e6 33. a3 h5 34. Kf1 Kf6 35. Kg1 Kf5 36. Kf1 h4 37. Kg1 f6 38. Kf1 g5 39. fxg5 fxg5 40. Kg1 e5 41. Kf1 Rh2 42. Rxa4 Rxb2 43. Rb4 Rh2 44. a4 Kf6 45. Rg4 Ra2 1/2-1/2

[Event "Rilton Cup 48th"]
[Site "Stockholm"]
[Date "2018.12.28"]
[Round "2"]
[White "Priyanka, Nutakki"]
[Black "Stabulnieks, Klavs"]
[Result "0-1"]
[WhiteElo "2293"]
[BlackElo "2177"]
[PlyCount "114"]
[EventDate "2018.12.27"]
[EventType "swiss"]
[EventRounds "9"]
[EventCountry "SWE"]
[SourceTitle "CBM 188 Extra"]
[Source "ChessBase"]
[SourceDate "2019.02.26"]
[SourceVersion "1"]
[SourceVersionDate "2019.02.26"]
[SourceQuality "1"]

1. c4 Nf6 2. Nc3 g6 3. e4 d6 4. g3 Bg7 5. Bg2 0-0 6. Nge2 c5 7. 0-0 Nc6 8. d3 Ne8 9. Be3 Nc7 10. d4 cxd4 11. Nxd4 Ne6 12. Nde2 Na5 13. b3 Bd7 14. Rc1 Nc7 15. Nd5 Nc6 16. Qd2 Nxd5 17. cxd5 Ne5 18. Bd4 Bb5 19. Rfd1 a6 20. a4 Bxe2 21. Qxe2 Qa5 22. Bh3 Qb4 23. Kg2 g5 24. Bf5 h6 25. Qb2 Rae8 26. f4 gxf4 27. gxf4 e6 28. fxe5 exf5 29. e6 fxe6 30. Rc4 Bxd4 31. Rcxd4 Qb6 32. exf5 exf5 33. Kh1 Kh7 34. Qc3 Rf7 35. Qd3 Qd8 36. Qh3 Qg5 37. Rg1 Re3 38. Rxg5 Rxh3 39. Rg3 Rxg3 40. hxg3 Kg6 41. Kg2 Kf6 42. Kf3 Ke5 43. Rc4 Kxd5 44. Kf4 Rg7 45. Rc3 Ke6 46. Kf3 Rg4 47. Re3+ Kf6 48. Rd3 Ke5 49. Rc3 h5 50. Re3+ Re4 51. Rd3 h4 52. gxh4 Rxh4 53. Kg3 Re4 54. Kf3 d5 55. Rc3 f4 56. Rc8 Re3+ 57. Kg4 Rg3+ 0-1

[Event "Rilton Cup 48th"]
[Site "Stockholm"]
[Date "2018.12.27"]
[Round "1"]
[White "Stabulnieks, Klavs"]
[Black "Zou, Chen"]
[Result "0-1"]
[WhiteElo "2177"]
[BlackElo "2384"]
[PlyCount "78"]
[EventDate "2018.12.27"]
[EventType "swiss"]
[EventRounds "9"]
[EventCountry "SWE"]
[SourceTitle "CBM 188 Extra"]
[Source "ChessBase"]
[SourceDate "2019.02.26"]
[SourceVersion "1"]
[SourceVersionDate "2019.02.26"]
[SourceQuality "1"]

1. d4 Nf6 2. c4 g6 3. Nc3 Bg7 4. e4 d6 5. f3 0-0 6. Be3 e5 7. d5 Nfd7 8. Nge2 Bh6 9. Qd2 Bxe3 10. Qxe3 a5 11. 0-0-0 Nc5 12. h4 f5 13. exf5 gxf5 14. f4 Nbd7 15. Rh3 Kh8 16. h5 Nf6 17. fxe5 Ng4 18. Qd4 Nxe5 19. Nf4 Bd7 20. Kb1 Qf6 21. Be2 Ng4 22. Rf3 Qxd4 23. Rxd4 Rae8 24. Kc1 Rg8 25. b3 Ne3 26. Bf1 Re7 27. Kd2 Ng4 28. Bd3 Ne5 29. Re3 Rge8 30. Rg3 Ng4 31. Nd1 Re5 32. Bc2 Re1 33. Rf3 Rg1 34. Rg3 Ree1 35. Ne2 Rh1 36. Rf4 Ne4+ 37. Bxe4 Rxd1+ 38. Kc3 fxe4 39. Rf7 Rd3+ 0-1

[Event "LAT-chT"]
[Site "Riga"]
[Date "2018.06.10"]
[Round "3.5"]
[White "Sveshnikov, Vladimir"]
[Black "Stabulnieks, Klavs"]
[Result "1-0"]
[WhiteElo "2387"]
[BlackElo "2165"]
[PlyCount "89"]
[EventDate "2018.06.09"]
[EventType "team-tourn"]
[EventRounds "11"]
[EventCountry "LAT"]
[SourceTitle "CBM 184 Extra"]
[Source "ChessBase"]
[SourceDate "2018.06.28"]
[SourceVersion "1"]
[SourceVersionDate "2018.06.28"]
[SourceQuality "1"]
[WhiteTeam "Termo Eko/RSF"]
[BlackTeam "Rigas Saha School"]
[WhiteTeamCountry "LAT"]
[BlackTeamCountry "LAT"]

1. e4 c5 2. c3 g6 3. d4 cxd4 4. cxd4 d5 5. e5 Nc6 6. Nc3 Nh6 7. h3 Nf5 8. Nf3 h5 9. Be2 Bg7 10. 0-0 0-0 11. Re1 Be6 12. Bf4 f6 13. Bb5 Bf7 14. Bxc6 bxc6 15. e6 Be8 16. Qc2 Nd6 17. h4 Rb8 18. Na4 Rb5 19. Bxd6 Qxd6 20. Rad1 Kh8 21. Nc5 Rg8 22. g3 Bh6 23. Kg2 a5 24. b3 Qd8 25. Re2 Qd6 26. Rde1 Rg7 27. Qc3 Qd8 28. Nd7 Bxd7 29. exd7 Qxd7 30. Re6 Rb7 31. Rxc6 Ra7 32. Rce6 Kh7 33. R1e2 Qb7 34. Qc5 Qd7 35. a4 Kh8 36. Ne1 Bd2 37. Nd3 Rb7 38. Rb6 Rc7 39. Qb5 Bc3 40. Nc5 Qxb5 41. Rxb5 Rg8 42. Ne6 Rd7 43. Rc2 Bb4 44. Rc7 Rgd8 45. Rxd7 1-0

[Event "LAT-ch"]
[Site "Riga"]
[Date "2018.05.06"]
[Round "9"]
[White "Stabulnieks, Klavs"]
[Black "Samolins, Vitalijs"]
[Result "0-1"]
[WhiteElo "2174"]
[BlackElo "2402"]
[PlyCount "70"]
[EventDate "2018.04.30"]
[EventType "swiss"]
[EventRounds "9"]
[EventCountry "LAT"]
[SourceTitle "CBM 184 Extra"]
[Source "ChessBase"]
[SourceDate "2018.06.28"]
[SourceVersion "1"]
[SourceVersionDate "2018.06.28"]
[SourceQuality "1"]

1. d4 Nf6 2. c4 e6 3. Nc3 Bb4 4. f3 0-0 5. a3 Bxc3+ 6. bxc3 Nh5 7. Nh3 f5 8. Bg5 Qe8 9. g4 Nf6 10. Rg1 Kh8 11. Qd3 d6 12. gxf5 exf5 13. Nf4 Nc6 14. h4 Nh5 15. Nd5 Qf7 16. Bh3 Na5 17. Kf2 Be6 18. Rab1 Rae8 19. Bd2 c6 20. Nf4 Bxc4 21. Qc2 Nxf4 22. Bxf4 Rxe2+ 23. Qxe2 Bxe2 24. Kxe2 Qe7+ 25. Kf2 Qxh4+ 26. Bg3 Qh6 27. Kg2 Qd2+ 28. Bf2 g5 29. Rgd1 Qa2 30. Kg1 g4 31. Bg2 gxf3 32. Bxf3 Rg8+ 33. Kf1 Nb3 34. Bh4 Rg6 35. Be1 h5 0-1